Diccionario de electrónica, informática y energía nuclear

Guardado en:
Detalles Bibliográficos
Autores principales: Mataix Lorda, Mariano (autor), Mataix Hidalgo, Miguel (Autor)
Formato: Libro
Lenguaje:español
Publicado: Madrid Díaz de Santos 1999
Materias:
Etiquetas: Agregar Etiqueta
Sin Etiquetas, Sea el primero en etiquetar este registro!

MARC

LEADER 00000nam a2200000 a 4500
001 UCN0467
003 CL-VaPUC
008 010323e19990000SP |||||||||||||||||spa|d
082 0 4 |a 621.03  |b MAT  |2 21 
100 |a Mataix Lorda, Mariano  |e autor  |9 544603 
700 0 |a Mataix Hidalgo, Miguel  |e author  |9 455720 
245 1 0 |a Diccionario de electrónica, informática y energía nuclear 
300 |a 802 p 
942 |c BK 
945 |d 20010323 00:00:00  |a vberengu 
260 |a Madrid  |b Díaz de Santos  |c 1999 
650 0 |a Diccionarios  |9 256200 
650 0 |a Glosarios  |9 261047 
650 0 |a Electrónica   |9 263192 
650 0 |a Informática   |9 260044 
650 0 |a Energía nuclear   |9 255228 
583 |a last modification  |c 20010323 00:00:00  |k Rodrigo Vera 
999 |c 294215  |d 294213 
952 |0 0  |1 0  |4 0  |6 621_030000000000000_MAT_1999  |7 0  |8 X  |9 346197  |a BIBEDU  |b BIBEDU  |d 2019-11-20  |i 370162K  |o 621.03 MAT 1999  |p 370162K  |r 2023-01-13  |w 2019-11-20  |y BK_X  |k CIT